Intersections between women's equality, culture, and cultural rights : (Record no. 4064)

MARC details
000 -LEADER
fixed length control field 00739nam a2200169 4500
008 - FIXED-LENGTH DATA ELEMENTS--GENERAL INFORMATION
fixed length control field 231109b |||||||| |||| 00| 0 eng d
020 ## - ISBN
ISBN 8190401351
082 ## - DEWEY DECIMAL CLASSIFICATION NUMBER
Classification number 342.5
Item number SOU
942 ## - ADDED ENTRY ELEMENTS (KOHA)
Item Type Reports
700 ## - ADDED ENTRY--PERSONAL NAME
Personal name Mehra, Madhu
Relator Term editor
245 ## - TITLE STATEMENT
Title Intersections between women's equality, culture, and cultural rights :
Sub Title report of the South Asia Plus Consultation on Culture, Women and Human Rights, September 2-3, Dhulikhel, Nepal
260 ## - PUBLICATION, DISTRIBUTION, ETC. (IMPRINT)
Place of Publication New Delhi:
Name of Publisher Partners for Law in Development,
Date of Copyright [2011]
300 ## - PHYSICAL DESCRIPTION
Extent 136 p. : ill. (black and white) ; 24 cm
Physical Details Glossary included
650 ## - SUBJECT ADDED ENTRY--TOPICAL TERM
Topical Term Women's rights--South Asia--Congresses.
650 ## - SUBJECT ADDED ENTRY--TOPICAL TERM
Topical Term Women--Legal status, laws, etc.--Social aspects--South Asia
650 ## - SUBJECT ADDED ENTRY--TOPICAL TERM
Topical Term Culture and law--South Asia
Holdings
Withdrawn status Lost status Source of classification or shelving scheme Damaged status Not for loan Permanent location Current location Date acquired Total Checkouts Full call number Barcode Date last seen Price effective from Koha item type
    Dewey Decimal Classification     Resource center, Muslim Women's Research And Action Forum Resource center, Muslim Women's Research And Action Forum 2023-11-09   342.5 SOU RAF1995 2023-11-09 2023-11-09 Reports

Copyright © 2023 Muslim Women's Research and Action Forum (MWRAF), No 27/3, Anderson Road, Kalubowila, Dehiwela. Funded by The Asia Fundation